banner-ar

L'EGYPTE ET L'EUROPE LA CAIRE DE 1839 -1841 :VOL 2 / (Record no. 17200)

MARC details
000 -الفاتح
حقل البيانات ثابتة الطول 00500nam a2200169Ia 4500
008 - عناصر البيانات ثابتة الطول - معلومات عامة
حقل البيانات ثابتة الطول 140319s9999 xx 000 0 eng d
040 ## - مصدر الفهرسة
وكالة الفهرسة الأصلية GCL /
وكالة النسخ GCL
082 04 - رقم تصنيف ديوى العشرى
رقم التصنيف CC
رقم المادة 962.3
-- P L
100 1# - المدخل الرئيسى - إسم شخصى
الإسم الشخصى DRIAULT,EDOUARD
245 10 - بيان العنوان
العنوان L'EGYPTE ET L'EUROPE LA CAIRE DE 1839 -1841 :VOL 2 /
بيان المسئوليه,etc DRIAULT,EDOUARD
260 ## - PUBLICATION, DISTRIBUTION, ETC. (IMPRINT)
تاريخ النشر أو التوزيع 1931
300 ## - الوصف المادى
التعداد 376
650 04 - المدخل الاضافى بالموضوع-مصطلح موضوعى
مصطلح موضوعي LA SOCIETE DE GEOGRAPHIC D'EGY
650 04 - المدخل الاضافى بالموضوع-مصطلح موضوعى
مصطلح موضوعي PERIODICALS
942 ## - عناصر المدخل الإضافي( كوها)
مصدر التصنيف او مخطط الترفيف Dewey Decimal Classification
Koha [default] item type كتاب
260 ## - PUBLICATION, DISTRIBUTION, ETC. (IMPRINT)
-- القاهرة :
-- LA SOCIETE DE GEOGRAPHIE D'EGYPTE ،
Holdings
حالة التراجع حالة الفقد حالة تلف ليس للاعارة المكان المؤقت الموقع الحالى تاريخ الاكتساب اجمالي اﻻعارات رقم الطلب الباركود تاريخ اخر مشاهدة تاريخ تفعيل السعر نوع وعاء كوها
        مكتبة القاهرة الكبرى مكتبة القاهرة الكبرى 03/26/2014   CC\962.3\P L 31008 03/26/2014 03/26/2014 كتاب
        مكتبة القاهرة الكبرى مكتبة القاهرة الكبرى 03/26/2014   CC\962.3\P L 31009 03/26/2014 03/26/2014 كتاب

Powered By

EGPV